| 000 | 01146nam a2200289 4500 | ||
|---|---|---|---|
| 001 | 0000015772 | ||
| 003 | CO-CtgCURN | ||
| 005 | 20250429224130.0 | ||
| 007 | ta | ||
| 008 | 160627s1998 000 0 eng d | ||
| 020 | _a9586910652 | ||
| 040 |
_aCO-CtgCURN _bspa _ccoctgcurn |
||
| 082 | 0 |
_a375.006 _bM664 |
|
| 110 | 2 | _aColombia. Ministerio de Educación Nacional. | |
| 245 | 1 | 0 |
_aEducación etica y valores humanos : _blineamientos curriculares / _cMinisterio de Educación Nacional. |
| 260 |
_aBogotá : _bMinisterio de Educación Nacional-MEN, _c1998. |
||
| 300 | _a95 p. | ||
| 336 | _2rdacontent | ||
| 337 |
_2rdamedia _asin mediacion _bn |
||
| 338 |
_2rdacarrier _avolumen _bnc |
||
| 505 | 8 | _aSentido pedagogico de los lineamientos.--Carta abierta a las maestras y maestros.--Raices y ramas de la discusion etica.--Nuestro contexto socio-cultural.--La formacion de la persona moral.--Educación, etica y moral | |
| 650 | 1 | 4 | _aEducación etica. |
| 700 | 1 | _aMinisterio de Educación Nacional. | |
| 908 | _a160627 | ||
| 942 |
_cBK _h375.006 _iM664 _2ddc |
||
| 999 |
_c40161 _d40161 |
||